000 00405nam a22001697a 4500
003 koha_MIRAKIL
005 20231213095506.0
008 231213b |||||||| |||| 00| 0 ||| d
040 _aTR-IsEVY
_btur
_cTR-IsEVY
082 _a800 DUD/B
100 _aDUDA, CHRISTIAN.
245 0 _aBENİM BÜTÜN ÖRDEKLERİM.
260 _bİletişim,
300 _a[ ] p.
650 _aEdebiyat.
942 _2ddc
_cBK
999 _c4532
_d4532